| 000 | 00710nam a2200241 a 4500 | ||
|---|---|---|---|
| 005 | 20240215063658.0 | ||
| 008 | 190208s2016 mx r 000 0 spa d | ||
| 020 | _a9786071637352 | ||
| 035 | _aUPN01000228940 | ||
| 049 | _aCG | ||
| 050 | 4 |
_aB3216 C3 _bE8 2016 |
|
| 100 | 1 |
_aCassirer, Ernst, _d1874-1945 _930803 |
|
| 245 | 1 | 0 |
_aAntropología filosófica : _bintroducción a una filosofía de la cultura / _cErnst Cassirer ; tr. Eugenio Imaz. |
| 250 | _a3a ed. | ||
| 260 |
_aMéxico : _bFCE, _c2016. |
||
| 300 | _a415 p. | ||
| 440 | 0 |
_aPopular ; _v41 |
|
| 534 |
_pTítulo original: _tEssay of man |
||
| 650 | 4 |
_aTeoría del conocimiento _91707 |
|
| 650 | 4 | _aHOMBRE | |
| 905 | _aLibro | ||
| 999 |
_c201035 _d201035 |
||